Los escritos [de Adalberto Navarro Sánchez] /

محفوظ في:
التفاصيل البيبلوغرافية
المؤلف الرئيسي: Navarro Sánchez, Adalberto (autor)
مؤلفون آخرون: Vevia Romero, Fernando Carlos (prólogo) (prólogo)
التنسيق: كتاب
اللغة:الإسبانية
منشور في: Guadalajara, México : Gobierno del Estado de Jalisco, Departamento de Bellas Artes, 1988
الوسوم: إضافة وسم
لا توجد وسوم, كن أول من يضع وسما على هذه التسجيلة!

MARC

LEADER 00000nam^a2200000^a^4500
001 000626572
005 20260220000000.0
009 20260310134037.356
037 |a Acervo ITESO - Biblioteca 
041 |a ESP 
091 |a FOB. 03831 
100 |a Navarro Sánchez, Adalberto  |e (autor) 
245 1 4 |a Los escritos [de Adalberto Navarro Sánchez] / 
264 1 |a Guadalajara, México :  |b Gobierno del Estado de Jalisco, Departamento de Bellas Artes,  |c 1988 
300 |a V, 122 p. 
336 |a texto  |b txt  |2 rdacontenido 
337 |a sin mediación  |b n  |2 rdamedio 
338 |a volumen  |b nc  |2 rdasoporte 
649 |a XX 
700 |a Vevia Romero, Fernando Carlos  |e (prólogo) 
910 |a Fondo Carlos de Obeso Orendain 
920 |a Impresos - Libros 
930 |a Fondos Especiales 
940 |a Literatura 
905 |a 147 
901 |a 626572-10  |b IT2  |c ESP  |i D  |u 20260114 
902 |a https://opac.biblio.iteso.mx/vufind/Record/000626572